000 00438nam a2200157Ia 4500
999 _c21469
_d21469
082 _a301 KUH-;
100 _aKuhn, Alfred
245 0 _aStudy of society: a multidisciplinary approach
260 _aLondon
_bSocial Science Paperbacks
_c1966
300 _a810p.
504 _aIncludes index
650 _aSociology - Culture
650 _aEconomic development - Sociological aspects
650 _aOrganisational sociology
942 _cBK